00684cam a2200205 i 4500999001500000001000600015003000900021005001700030008004100047020001800088040003300106082002100139100002100160245004900181264005300230300004000283650000900323942001200332952013400344 c1024d102415324BD-DhUAP20200202100913.0200202t20082000ii b 000 0 eng  a9788175344808 aDLCbengerdacDLCdBD-DhUAP 223a340.0207 CRO a Crombie, David.10aThe world's stupidest laws /cDavid Crombie. 1aNew Delhi :bUniversal,cc2000 [Reprinted 2008]. a127 pages :billustrations ;c22 cm aLaw. 2ddccBK 00102ddc4070aUAPCLbUAPCLcGeneral Stacksd2020-02-02l1o340.0207 CROp3010015324r2025-10-19s2025-09-28t1w2020-02-02yBK